000 00331nam a22001577a 4500
003 SGT
020 _a9788170129233
082 _a347.012
_bTHA
100 _aTHAKKER C K
245 _aLAW OF WRITS
250 _a6
260 _aLUCKNOW
_bEASTERN BOOK COMPANY
_c2006
300 _a1017
_a2096
490 _aI-II
942 _2ddc
_cBK
999 _c27721
_d27721